| 000 | 00610nam a22001815i 4500 | ||
|---|---|---|---|
| 001 | 158880 | ||
| 003 | ES-MaACL | ||
| 005 | 20250724075056.0 | ||
| 008 | 971010s1852 sp |||| | spa d | ||
| 040 |
_aAR _bspa _cAR |
||
| 100 | 1 |
_aMartín, Melitón. _977355 |
|
| 245 | 1 | 3 |
_aEl nuevo sistema legal de pesas y medidas puesto al alcance de todos / _cpor Meliton Martin. |
| 260 |
_aMadrid : _b[s.n.], _c1852 ( _fImp. de J. Martin Alegría) |
||
| 300 |
_a130 p., [1] h. pleg. ; _c24 cm. |
||
| 650 | 7 |
_aPesos y medidas _2embne _9136691 |
|
| 852 |
_aES-MaACL _jC-3613 _z-- Enc. cartón |
||
| 999 |
_c158880 _d158880 |
||